New trends 2017 new trends in economics, management, marketing and public administration
Enregistré dans:
| Collectivité auteur: | |
|---|---|
| Format: | Livre |
| Langue: | anglais tchèque |
| Publié: |
Znojmo
Private College of Economic Studies Znojmo
2017
|
| Édition: | 1st ed. |
| Sujets: | |
| Tags: |
Pas de tags, Soyez le premier à ajouter un tag!
|
MARC
| LEADER | 00000nlm a2200000 4500 | ||
|---|---|---|---|
| 001 | 0238885 | ||
| 005 | 20240827084008.3 | ||
| 020 | |a 978-80-87314-90-6 | ||
| 022 | |a 2336-7431 | ||
| 041 | 0 | |a eng | |
| 041 | 0 | |a cze | |
| 044 | |a CZ | ||
| 245 | 1 | 0 | |a New trends 2017 |b new trends in economics, management, marketing and public administration |
| 250 | |a 1st ed. | ||
| 264 | 1 | |a Znojmo |b Private College of Economic Studies Znojmo |c 2017 | |
| 300 | |a online [409 s.] | ||
| 610 | 2 | 0 | |a ekonómia |
| 610 | 2 | 0 | |a manažment |
| 610 | 2 | 0 | |a marketing |
| 610 | 2 | 0 | |a správa verejná |
| 110 | 2 | |a New trends 2017 : new trends in economics, management, marketing and public administration. International scientific conference | |